|
|
|
|
| LEADER |
00000nam a22000007a 4500 |
| 005 |
20121001171852.0 |
| 007 |
cr|||| |||| |
| 008 |
121001c20072012co ||||s |||| 0||| 1spa d |
| 022 |
|
|
|a 2011-0324
|
| 035 |
|
|
|a 6717
|
| 040 |
|
|
|a vLex
|
| 090 |
|
|
|c 3496
|d 3496
|
| 245 |
0 |
0 |
|a Revista CS de Ciencias Sociales
|h [Recurso electrn̤ico]
|
| 256 |
|
|
|a Servicio en ln̕ea
|
| 260 |
|
|
|a Bogot ̀:
|b Universidad ICESI,
|c 2007 -
|
| 300 |
|
|
|a 1 recurso electrn̤ico
|
| 500 |
|
|
|a Es una publicacin̤ arbitrada. Tiene una periodicidad semestral. Es de carc̀ter acadm̌ico y privilegia la publicacin̤ de artc̕ulos de investigacin̤ y reflexin̤ producto de la labor intelectual de acadm̌icos nacionales e internacionales. Tiene como objetivo principal construir un espacio de reflexin̤ sobre problemas sociales desde un enfoque interdisciplinario. Entendiendo esto l︢timo como un dil̀ogo de saberes que se reconoce en la diversidad e interaccin̤ de sus perspectivas de anl̀isis pero, tambiň, en su especificidad y contradiccin̤. CS tambiň tiene el interš de difundir el ejercicio de investigacin̤ entre un pb︢lico compuesto tanto por estudiantes universitarios (de pregrado y postgrado), como por profesionales pertenecientes a las diferentes disciplinas que ofrecen las Ciencias Sociales, quienes pueden encontrar en esta publicacin̤ insumos para el desarrollo de sus reflexiones e investigaciones, estableciendo puentes de comunicacin̤ con investigadores y pensadores de las universidades y centros de investigacin̤ nacional e internacional. En este sentido CS se ofrece como un medio para construir y fortalecer los debates sobre todas aquellas cuestiones que afectan y determinan nuestra realidad social.
|
| 506 |
1 |
|
|a Contenido solo disponible en los productos indicados
|d vLex Global
|d vLex Global (Academic Edition, excluding Law Schools)
|d vLex Global (U.S. Academic Edition, Law Schools)
|d vLex Global (U.S. Academic Edition, excluding Law Schools)
|d vLex Global (Academic Edition, Law Schools)
|
| 650 |
0 |
4 |
|a Ciencias sociales
|z Colombia
|
| 740 |
0 |
|
|a vLex Libros (Servicio en ln̕ea)
|
| 856 |
4 |
0 |
|u http://vlex.com/source/revista-ciencias-sociales-6717
|z Acceso restringido
|
| 942 |
|
|
|c REV
|
| 999 |
0 |
|
|a Social sciences
|